Từ điển Tiếng Việt
v.v...
Đã lưu trong:
| Tác giả chính: | |
|---|---|
| Định dạng: | Sách |
| Năm xuất bản: |
H.
Khoa học xã hội
1997
|
| Chủ đề: | |
| Tags: |
Thêm thẻ
Không có thẻ, Hãy là người đầu tiên gắn thẻ bản ghi này!
|
| LEADER | 00612nam a2200169 4500 | ||
|---|---|---|---|
| 082 | |a 495.9223 |b T550đ. | ||
| 100 | |a Văn Tân chủ biên | ||
| 245 | |a Từ điển Tiếng Việt |c Văn Tân chủ biên, Nguyễn Lân, Nguyễn Văn Đạm,... | ||
| 260 | |a H. |b Khoa học xã hội |c 1997 | ||
| 300 | |a 1231tr. |c 21 cm. | ||
| 520 | |a v.v... | ||
| 653 | |a Ngôn ngữ | ||
| 653 | |a Tiếng Việt | ||
| 653 | |a Từ điển | ||
| 942 | |2 ddc |c SH | ||
| 999 | |c 11298 |d 11298 | ||
| 952 | |0 0 |1 0 |2 ddc |4 0 |6 495_922300000000000_T550Đ |7 0 |8 400 |9 96734 |a qbu |b qbu |c D2 |d 2015-10-02 |g 100000 |o 495.9223 T550đ. |p 10603.c1 |r 0000-00-00 |w 2015-10-02 |y SH | ||